Le Figlie Del Libro Perduto
Đã lưu trong:
| Tác giả chính: | |
|---|---|
| Định dạng: | Sách |
| Ngôn ngữ: | Tiếng không xác định |
| Được phát hành: |
Romanzi Salani
|
| Các nhãn: |
Không có thẻ, Là người đầu tiên thẻ bản ghi này!
|
MARC
| LEADER | 00000nam a2200000Ia 4500 | ||
|---|---|---|---|
| 001 | R-1200 | ||
| 003 | CODICE-MESSINA | ||
| 005 | 20260212102504.0 | ||
| 008 | 260211s9999 xx 000 0 und d | ||
| 040 | |c importazione_messina | ||
| 100 | |a Katherine Howe | ||
| 245 | 0 | |a Le Figlie Del Libro Perduto | |
| 260 | |b Romanzi Salani | ||
| 942 | |2 ddc |c BK | ||
| 952 | |0 0 |1 0 |2 ddc |4 0 |6 SCAFFALE_11_000000000000000__ROMANZI |7 0 |9 32032 |a ME |b ME |d 2026-02-11 |l 0 |o SCAFFALE 11 - ROMANZI |p R-1200 |r 2026-02-11 23:52:55 |w 2026-02-11 |x [REVISIONARE] |y BK | ||
| 999 | |c 27699 |d 27699 | ||